Legends of Tomorrow Members - Statistics

General Stats
  • This quiz has been taken 206 times
    140 since last reset
  • The average score is 20 of 25
Answer Stats
Seasons Hint Answer % Correct
All Seasons White Canary Sara Lance
100%
Seasons 1-5 The Atom Raymond Palmer
98%
Seasons 1-2 First Leader of the Legends Rip Hunter
96%
Seasons 1-6 Heat Wave Mick Rory
95%
Season 1 Captain Cold Leonard Snart
93%
Seasons 2-7 Citizen Steel Nathaniel Heywood
93%
Seasons 5-7 Last Director of the Time Bureau Ava Sharpe
92%
All Seasons AI Gideon
92%
Seasons 1-4 Firestorm Jefferson Jackson
92%
Seasons 1-4 Firestorm Martin Stein
90%
Seasons 5-7 Bearer of the Air Totem (New Timeline) Zari Tarazi
90%
Season 3-7 Bearer of the Air Totem (Original Timeline) Zari Tomaz
90%
Seasons 4-6 Master of the Dark Arts John Constantine
89%
Seasons 2-3 Vixen Amaya Jiwe
86%
Season 3 Kid Flash Wallace West
86%
Seasons 5-7 Necrian ex-Agent of the Time Bureau Gary Green
78%
Season 1 Hawkman Carter Hall
73%
Season 3 Citizen Cold Leo Snart
71%
Season 1 Hawkgirl Kendra Saunders
69%
Seasons 5-7 Bearer of the Air Totem (New Timeline) Behrad Tarazi
68%
Seasons 4-5 One of the Fates Charlie / Clotho
65%
Season 4 Wolfie Mona Wu
61%
Seasons 6-7 Legend with Alien-Related Powers Esperanza Cruz
55%
Seasons 5-7 Magician Raised in Hell Astra Logue
54%
Season 7 Invented the Foundation for Time Travel Gwyn Davies
26%
No matching quizzes found
Score Distribution
Percent of People with Each Score
Percentile by Number Answered
Your Score History
You have not taken this quiz since the last reset